Statistiques concernant Les jeux Pokémon

Cliquez ici pour prendre le quiz!

Statistiques générales

  • Ce quiz a été pris 318 fois
  • Le résultat moyen est 26 sur 29

Statistiques - réponses

Date de sortieGénérationConsoleJeu% Correct
15 octobre 1996PremièreGame BoyPokémon version Bleue
100%
27 février 1996PremièreGame BoyPokémon version Rouge
100%
27 février 1996PremièreGame BoyPokémon version Verte
100%
12 septembre 1998PremièreGame BoyPokémon version Jaune : Edition spéciale Pikachu
99%
18 septembre 2010CinquièmeNintendo DSPokémon version Blanche
98%
18 septembre 2010CinquièmeNintendo DSPokémon version Noire
98%
21 novembre 2002TroisièmeGame Boy AdvancePokémon version Saphir
98%
21 novembre 1999DeuxièmeGame BoyPokémon version Argent
97%
28 septembre 2006QuatrièmeNintendo DSPokémon version Diamant
97%
21 novembre 1999DeuxièmeGame BoyPokémon version Or
97%
21 novembre 2002TroisièmeGame Boy AdvancePokémon version Rubis
96%
28 septembre 2006QuatrièmeNintendo DSPokémon version Perle
95%
12 octobre 2013SixièmeNintendo 3DSPokémon X
94%
12 octobre 2013SixièmeNintendo 3DSPokémon Y
94%
18 novembre 2016SeptièmeNintendo 3DSPokémon Soleil
93%
23 juin 2012CinquièmeNintendo DSPokémon version Blanche 2
93%
23 juin 2012CinquièmeNintendo DSPokémon version Noire 2
93%
18 novembre 2016SeptièmeNintendo 3DSPokémon Lune
92%
13 septembre 2008QuatrièmeNintendo DSPokémon version Platine
90%
16 septembre 2004TroisièmeGame Boy AdvancePokémon version Emeraude
89%
21 novembre 2014SixièmeNintendo 3DSPokémon Rubis Oméga
88%
21 novembre 2014SixièmeNintendo 3DSPokémon Saphir Alpha
88%
17 novembre 2017SeptièmeNintendo 3DSPokémon Ultra-Lune
84%
17 novembre 2017SeptièmeNintendo 3DSPokémon Ultra-Soleil
84%
12 septembre 2009QuatrièmeNintendo DSPokémon version Argent SoulSilver
78%
12 septembre 2009QuatrièmeNintendo DSPokémon version Or HeartGold
78%
29 janvier 2004TroisièmeGame Boy AdvancePokémon version Rouge Feu
78%
29 janvier 2004TroisièmeGame Boy AdvancePokémon version Vert Feuille
78%
14 décembre 2000DeuxièmeGame Boy ColorPokémon version Cristal
77%

Distribution des résultats

Percentile par nombre de réponses

% des personnes avec chaque résultat

Votre développement - résultats

Vous n’avez pas pris ce quiz